000 00360nam a22001457a 4500
003 OSt
005 20160727222345.0
008 160621b xxu||||| |||| 00| 0 eng d
040 _cTest
100 _9225
_aClarke, R. B
245 _aDisney's year Book 1981
260 _aUSA
_bGrolier Enterprises Inc.
_c1982
300 _aDisney's year Book 1981
942 _2ddc
_cBK
999 _c180
_d180